Regenerace a revitalizace bytových domů s uplatněním trvale udržitelného stavění /

Salvato in:
Dettagli Bibliografici
Autori principali: Hlavsa, Tomáš (Autore), Meixner, Miloslav (Autore), Svoboda, Jiří (Autore)
Natura: Libro
Lingua:ceco
Pubblicazione: Brno : Vysoké učení technické v Brně, 2011
Edizione:1. vydanie
Soggetti:
Tags: Aggiungi Tag
Nessun Tag, puoi essere il primo ad aggiungerne!!

MARC

LEADER 00000nam a22000003a 4500
001 0013893
003 SK-STU
005 20190110144733.6
007 ta
008 160418s ----xo-----e------000-0-----d
020 |a 978-80-214-4374-7 
040 |a STU  |b slo 
041 0 |a cze 
044 |a xr 
100 1 |a Hlavsa, Tomáš  |4 aut  |r Z6 
245 1 0 |a Regenerace a revitalizace bytových domů s uplatněním trvale udržitelného stavění /  |c aut. Tomáš Hlavsa, Miloslav Meixner, Jiří Svoboda, Tomáš Hlavsa 
250 |a 1. vydanie 
260 |a Brno :  |b Vysoké učení technické v Brně,  |c 2011 
300 |a 101 s. 
650 0 7 |a trvalo udržateľný rozvoj 
650 0 7 |a sustainable development 
650 0 7 |a rekonštrukcie obytných domov 
650 0 7 |a residential building 
650 0 7 |a renewal 
650 0 7 |a rekonštrukcia 
650 0 7 |a stavebné materiály 
650 0 7 |a prírodné materiály 
650 0 7 |a ekologické materiály 
700 1 |a Meixner, Miloslav  |4 aut 
700 1 |a Svoboda, Jiří  |4 aut 
700 1 |a Hlavsa, Tomáš  |r Z6  |4 aut 
996 |b 284AS03651  |c A* 9717/S  |l AAKNST  |s P  |a 0  |w 0013893_0001